[Event "World Chess Olympiad 2018"]
[Site "Batumi"]
[Date "2018.09.28"]
[Round "5"]
[Board "3"]
[WhiteFideId "10613129"]
[White "Fawzy Adham"]
[BlackFideId "110973"]
[Black "Pichot Alan"]
[Result "0-1"]
[LiveChessVersion "1.4.8"]
[BlackElo "2562"]
[WhiteElo "2431"]

1. e4 {[%clk 1:30:56]} c5 {[%clk 1:30:48]} 2. Nf3 {[%clk 1:31:19]} e6
{[%clk 1:30:56]} 3. d4 {[%clk 1:31:46]} cxd4 {[%clk 1:31:19]} 4. Nxd4
{[%clk 1:32:14]} Nc6 {[%clk 1:31:26]} 5. Nc3 {[%clk 1:32:34]} Qc7
{[%clk 1:31:41]} 6. Be3 {[%clk 1:32:57]} a6 {[%clk 1:31:48]} 7. Qd2
{[%clk 1:33:19]} Be7 {[%clk 1:31:41]} 8. f3 {[%clk 1:32:34]} b5 {[%clk 1:31:06]}
9. O-O-O {[%clk 1:29:57]} Nf6 {[%clk 1:28:26]} 10. g4 {[%clk 1:27:08]} Bb7
{[%clk 1:28:41]} 11. h4 {[%clk 1:18:14]} Ne5 {[%clk 1:21:13]} 12. Qh2
{[%clk 1:11:44]} d6 {[%clk 1:15:47]} 13. Rg1 {[%clk 0:57:33]} Rc8
{[%clk 1:10:33]} 14. g5 {[%clk 0:48:02]} Nfd7 {[%clk 1:10:21]} 15. Kb1
{[%clk 0:41:55]} b4 {[%clk 1:07:19]} 16. Na4 {[%clk 0:39:33]} Bc6
{[%clk 1:05:33]} 17. f4 {[%clk 0:30:05]} Bxa4 {[%clk 0:58:38]} 18. fxe5
{[%clk 0:30:25]} Nxe5 {[%clk 0:54:52]} 19. Bd3 {[%clk 0:30:28]} a5
{[%clk 0:33:15]} 20. Rdf1 {[%clk 0:24:14]} Bd7 {[%clk 0:30:55]} 21. Nf3
{[%clk 0:20:14]} Nxd3 {[%clk 0:28:15]} 22. cxd3 {[%clk 0:20:43]} Bb5
{[%clk 0:28:33]} 23. Qd2 {[%clk 0:19:43]} e5 {[%clk 0:26:01]} 24. h5
{[%clk 0:17:11]} g6 {[%clk 0:20:18]} 25. Rh1 {[%clk 0:15:32]} Qb7
{[%clk 0:17:51]} 26. Ka1 {[%clk 0:10:11]} b3 {[%clk 0:14:45]} 27. Qf2
{[%clk 0:08:02]} Rc2 {[%clk 0:13:45]} 28. Nd2 {[%clk 0:04:31]} Rf8
{[%clk 0:14:00]} 29. axb3 {[%clk 0:02:52]} a4 {[%clk 0:14:01]} 30. b4
{[%clk 0:01:36]} a3 {[%clk 0:13:18]} 31. Qe2 {[%clk 0:01:27]} Qa6
{[%clk 0:12:25]} 32. b3 {[%clk 0:01:21]} Qc6 {[%clk 0:12:34]} 0-1

[Event "World Chess Olympiad 2018"]
[Site "Batumi"]
[Date "2018.09.28"]
[Round "5"]
[Board "4"]
[WhiteFideId "117927"]
[White "Perez Ponsa Federico"]
[BlackFideId "10600183"]
[Black "Hesham Abdelrahman"]
[Result "0-1"]
[LiveChessVersion "1.4.8"]
[BlackElo "2408"]
[WhiteElo "2548"]

1. e4 {[%clk 1:30:57]} e5 {[%clk 1:30:53]} 2. Nf3 {[%clk 1:31:23]} Nc6
{[%clk 1:31:16]} 3. Bb5 {[%clk 1:31:46]} Nf6 {[%clk 1:31:14]} 4. d3
{[%clk 1:31:55]} d6 {[%clk 1:30:37]} 5. O-O {[%clk 1:32:13]} Be7 {[%clk 1:29:09]}
6. c3 {[%clk 1:31:40]} O-O {[%clk 1:28:35]} 7. Nbd2 {[%clk 1:30:11]} a6
{[%clk 1:26:50]} 8. Ba4 {[%clk 1:30:34]} Re8 {[%clk 1:25:16]} 9. h3
{[%clk 1:27:16]} Bf8 {[%clk 1:23:20]} 10. Re1 {[%clk 1:24:53]} b5
{[%clk 1:21:15]} 11. Bc2 {[%clk 1:23:32]} h6 {[%clk 1:18:48]} 12. d4
{[%clk 1:19:37]} exd4 {[%clk 1:06:05]} 13. cxd4 {[%clk 1:19:51]} Nb4
{[%clk 1:06:19]} 14. Bb1 {[%clk 1:20:07]} c5 {[%clk 1:06:17]} 15. d5
{[%clk 1:15:01]} a5 {[%clk 0:59:04]} 16. a3 {[%clk 1:07:04]} Na6 {[%clk 0:56:41]}
17. b3 {[%clk 1:02:59]} g6 {[%clk 0:40:02]} 18. Nf1 {[%clk 0:49:38]} Bg7
{[%clk 0:34:55]} 19. Ra2 {[%clk 0:47:53]} c4 {[%clk 0:29:22]} 20. bxc4
{[%clk 0:38:09]} bxc4 {[%clk 0:29:45]} 21. N1d2 {[%clk 0:31:10]} c3
{[%clk 0:26:15]} 22. Nb3 {[%clk 0:31:35]} Bd7 {[%clk 0:26:26]} 23. Nbd4
{[%clk 0:31:13]} Nc5 {[%clk 0:25:40]} 24. Rae2 {[%clk 0:31:29]} Qb6
{[%clk 0:22:53]} 25. Bc2 {[%clk 0:30:32]} a4 {[%clk 0:23:02]} 26. Re3
{[%clk 0:28:01]} Re7 {[%clk 0:13:42]} 27. Rxc3 {[%clk 0:25:37]} Nfxe4
{[%clk 0:13:13]} 28. Rc4 {[%clk 0:23:17]} Rae8 {[%clk 0:13:02]} 29. Be3
{[%clk 0:21:30]} Qa6 {[%clk 0:11:40]} 30. Bxe4 Nxe4 31. Qd3 {[%clk 0:20:40]} Nc5
{[%clk 0:10:35]} 32. Qc2 {[%clk 0:19:47]} Re4 {[%clk 0:07:57]} 33. Rd1
{[%clk 0:17:31]} Qb7 {[%clk 0:00:56]} 34. Rb4 {[%clk 0:16:46]} Qa8
{[%clk 0:00:38]} 35. Rb6 {[%clk 0:16:01]} Qxd5 {[%clk 0:00:33]} 36. Nb5
{[%clk 0:16:21]} Qb3 {[%clk 0:00:51]} 37. Qxb3 {[%clk 0:15:36]} axb3
{[%clk 0:01:20]} 38. Nxd6 {[%clk 0:15:53]} Rxe3 {[%clk 0:01:31]} 39. fxe3
{[%clk 0:15:39]} Rxe3 {[%clk 0:01:24]} 40. Rb8+ {[%clk 0:42:08]} Kh7
{[%clk 0:31:53]} 41. Nxf7 {[%clk 0:32:41]} Be6 {[%clk 0:24:52]} 42. Nd6
{[%clk 0:28:34]} b2 {[%clk 0:21:27]} 43. Ne8 {[%clk 0:19:48]} Rb3
{[%clk 0:16:37]} 44. Rxb3 {[%clk 0:19:50]} Bxb3 {[%clk 0:17:00]} 45. Rf1
{[%clk 0:19:10]} Bc3 {[%clk 0:16:53]} 46. Nc7 {[%clk 0:16:24]} Bc2
{[%clk 0:12:08]} 47. Nd5 {[%clk 0:16:49]} Ba5 {[%clk 0:12:09]} 48. Ne5
{[%clk 0:12:40]} b1=Q {[%clk 0:11:26]} 49. Nf6+ {[%clk 0:09:55]} Kh8
{[%clk 0:10:51]} 50. Rxb1 {[%clk 0:09:51]} Bxb1 {[%clk 0:11:19]} 51. Neg4
{[%clk 0:10:12]} h5 {[%clk 0:11:10]} 52. Ne3 {[%clk 0:09:38]} Bc3
{[%clk 0:10:39]} 53. Nfd5 {[%clk 0:10:07]} Bd4 {[%clk 0:10:42]} 54. Kf2
{[%clk 0:10:13]} Be4 {[%clk 0:10:32]} 55. Ke2 {[%clk 0:10:42]} Kg7
{[%clk 0:10:31]} 56. g4 {[%clk 0:11:05]} h4 {[%clk 0:10:41]} 57. Nf4
{[%clk 0:10:50]} Kf6 {[%clk 0:10:21]} 0-1

[Event "World Chess Olympiad 2018"]
[Site "Batumi"]
[Date "2018.09.28"]
[Round "5"]
[Board "1"]
[WhiteFideId "2900017"]
[White "Georgiev Kiril"]
[BlackFideId "4201345"]
[Black "Papaioannou Ioannis"]
[Result "1-0"]
[LiveChessVersion "1.4.8"]
[BlackElo "2634"]
[WhiteElo "2590"]

1. c4 {[%clk 1:30:30]} e6 {[%clk 1:30:24]} 2. Nc3 {[%clk 1:30:40]} Bb4
{[%clk 1:30:44]} 3. Qb3 {[%clk 1:29:58]} Ba5 {[%clk 1:30:46]} 4. Nf3
{[%clk 1:29:17]} Nf6 {[%clk 1:28:49]} 5. g3 {[%clk 1:27:36]} d5 {[%clk 1:26:49]}
6. Bg2 {[%clk 1:27:01]} O-O {[%clk 1:26:21]} 7. O-O {[%clk 1:24:56]} c5
{[%clk 1:23:21]} 8. d4 {[%clk 1:19:04]} cxd4 {[%clk 1:16:28]} 9. Nxd4
{[%clk 1:19:17]} Bb6 {[%clk 1:15:25]} 10. Nc2 {[%clk 1:17:31]} d4
{[%clk 1:08:07]} 11. Na4 {[%clk 1:13:26]} Nc6 {[%clk 1:06:11]} 12. Nxb6
{[%clk 1:11:43]} axb6 {[%clk 1:06:36]} 13. Bg5 e5 {[%clk 1:06:30]} 14. f4
{[%clk 1:10:20]} e4 {[%clk 0:57:59]} 15. Bxe4 {[%clk 1:09:45]} Qe8
{[%clk 0:55:11]} 16. Bxc6 {[%clk 1:04:49]} Qxc6 {[%clk 0:53:33]} 17. Nxd4
{[%clk 1:02:10]} Qd6 {[%clk 0:53:39]} 18. Bxf6 {[%clk 0:58:33]} Qxf6
{[%clk 0:54:03]} 19. Rad1 {[%clk 0:58:05]} Bg4 {[%clk 0:51:21]} 20. Rd2
{[%clk 0:56:24]} Rfe8 {[%clk 0:51:11]} 21. Nf3 {[%clk 0:53:02]} h5
{[%clk 0:46:07]} 22. Ne5 {[%clk 0:50:43]} Bh3 {[%clk 0:41:55]} 23. Rfd1
{[%clk 0:50:20]} Qe7 {[%clk 0:40:27]} 24. Qxb6 {[%clk 0:48:25]} Rxa2
{[%clk 0:34:45]} 25. Rd8 {[%clk 0:46:55]} Ra8 {[%clk 0:34:16]} 26. Rxa8
{[%clk 0:45:40]} Rxa8 {[%clk 0:34:42]} 27. Qd6 {[%clk 0:45:42]} Qe8
{[%clk 0:34:32]} 28. Kf2 {[%clk 0:45:54]} f6 {[%clk 0:33:24]} 29. Nf3
{[%clk 0:45:16]} Kh8 {[%clk 0:33:35]} 30. Qd5 {[%clk 0:44:01]} Be6
{[%clk 0:31:32]} 31. Qe4 {[%clk 0:38:53]} Qf7 {[%clk 0:31:48]} 32. Rd4
{[%clk 0:38:32]} Re8 {[%clk 0:31:07]} 33. Qd3 {[%clk 0:38:08]} Qe7
{[%clk 0:31:23]} 34. Re4 {[%clk 0:36:59]} 1-0

[Event "World Chess Olympiad 2018"]
[Site "Batumi"]
[Date "2018.09.28"]
[Round "5"]
[Board "2"]
[WhiteFideId "4202694"]
[White "Mastrovasilis Dimitrios"]
[BlackFideId "2903024"]
[Black "Georgiev Vladimir"]
[Result "1/2-1/2"]
[LiveChessVersion "1.4.8"]
[BlackElo "2479"]
[WhiteElo "2594"]

1. e4 {[%clk 1:30:56]} e5 {[%clk 1:30:48]} 2. Nf3 {[%clk 1:31:16]} Nc6
{[%clk 1:31:11]} 3. d4 {[%clk 1:31:31]} exd4 {[%clk 1:31:36]} 4. Nxd4
{[%clk 1:31:48]} Bc5 {[%clk 1:32:02]} 5. Nb3 {[%clk 1:31:49]} Bb6
{[%clk 1:32:27]} 6. Nc3 {[%clk 1:32:09]} Nge7 {[%clk 1:32:51]} 7. Bg5
{[%clk 1:32:21]} f6 {[%clk 1:33:14]} 8. Bh4 {[%clk 1:32:11]} O-O {[%clk 1:33:18]}
9. Qd2 {[%clk 1:32:10]} a5 {[%clk 1:25:27]} 10. a4 {[%clk 1:29:05]} d6
{[%clk 1:21:52]} 11. O-O-O {[%clk 1:26:28]} Be6 {[%clk 1:17:52]} 12. f4
{[%clk 1:22:44]} Bxb3 {[%clk 1:03:07]} 13. cxb3 {[%clk 1:22:57]} Nd4
{[%clk 1:03:33]} 14. Bc4+ {[%clk 1:13:51]} Kh8 {[%clk 0:52:12]} 15. Bf2
{[%clk 1:11:07]} Nec6 {[%clk 0:49:48]} 16. Nb5 {[%clk 0:52:11]} Nxb5
{[%clk 0:46:21]} 17. Bxb6 {[%clk 0:52:01]} Nba7 {[%clk 0:40:58]} 18. Bf2
{[%clk 0:49:57]} Nb4 {[%clk 0:40:09]} 19. Rhe1 {[%clk 0:35:51]} Qe8
{[%clk 0:40:08]} 20. Qe2 {[%clk 0:30:48]} Nc8 {[%clk 0:38:29]} 21. Qg4
{[%clk 0:24:40]} Nb6 {[%clk 0:24:59]} 22. Bxb6 {[%clk 0:22:06]} cxb6
{[%clk 0:25:46]} 23. Kb1 {[%clk 0:19:20]} Rc8 {[%clk 0:24:22]} 24. Qe6
{[%clk 0:15:36]} Qxe6 {[%clk 0:21:53]} 25. Bxe6 {[%clk 0:16:03]} Rc2
{[%clk 0:22:18]} 26. Bh3 {[%clk 0:10:54]} Rf2 {[%clk 0:18:23]} 27. Rxd6
{[%clk 0:09:20]} Rxf4 {[%clk 0:18:13]} 28. Rxb6 {[%clk 0:09:01]} Rd8
{[%clk 0:15:15]} 29. Rxb7 {[%clk 0:08:47]} Rxe4 {[%clk 0:13:48]} 30. Rc1
{[%clk 0:09:15]} g6 {[%clk 0:13:03]} 31. Rbc7 {[%clk 0:06:20]} Re2
{[%clk 0:10:53]} 32. Rc8 {[%clk 0:03:29]} Rxc8 {[%clk 0:10:39]} 33. Rxc8+
{[%clk 0:03:56]} Kg7 {[%clk 0:11:02]} 34. Kc1 {[%clk 0:04:03]} f5
{[%clk 0:08:03]} 35. Kd1 {[%clk 0:01:47]} Rxb2 {[%clk 0:07:00]} 36. Rc5
{[%clk 0:02:13]} Nd3 {[%clk 0:06:37]} 37. Rxa5 {[%clk 0:02:16]} Nf2+
{[%clk 0:06:35]} 38. Kc1 {[%clk 0:01:59]} Nd3+ {[%clk 0:03:23]} 39. Kd1
{[%clk 0:32:26]} Nf2+ {[%clk 0:01:54]} 40. Kc1 {[%clk 0:32:22]} Nd3+
{[%clk 0:31:46]} 41. Kd1 {[%clk 0:32:45]} 1/2-1/2

[Event "World Chess Olympiad 2018"]
[Site "Batumi"]
[Date "2018.09.28"]
[Round "5"]
[Board "3"]
[WhiteFideId "15002187"]
[White "Pancevski Filip"]
[BlackFideId "4202139"]
[Black "Nikolaidis Ioannis"]
[Result "1/2-1/2"]
[LiveChessVersion "1.4.8"]
[BlackElo "2544"]
[WhiteElo "2489"]

1. c4 {[%clk 1:30:57]} e5 {[%clk 1:29:04]} 2. g3 {[%clk 1:31:19]} Nc6
{[%clk 1:28:17]} 3. Bg2 {[%clk 1:31:43]} g6 {[%clk 1:27:51]} 4. Nc3
{[%clk 1:31:57]} Bg7 {[%clk 1:28:19]} 5. d3 {[%clk 1:29:13]} d6 {[%clk 1:28:27]}
6. e4 {[%clk 1:29:33]} Nge7 {[%clk 1:26:31]} 7. Nge2 {[%clk 1:29:54]} O-O
{[%clk 1:26:50]} 8. O-O {[%clk 1:29:40]} Nd4 {[%clk 1:27:15]} 9. Nxd4
{[%clk 1:27:51]} exd4 {[%clk 1:24:48]} 10. Ne2 {[%clk 1:28:16]} Rb8
{[%clk 1:23:09]} 11. b4 {[%clk 1:12:36]} b5 {[%clk 1:18:02]} 12. cxb5
{[%clk 1:11:34]} Rxb5 {[%clk 1:15:57]} 13. Bd2 {[%clk 1:10:10]} a5
{[%clk 1:14:34]} 14. a3 {[%clk 0:49:58]} Ba6 {[%clk 0:56:04]} 15. Nc1
{[%clk 0:37:02]} axb4 {[%clk 0:51:02]} 16. axb4 {[%clk 0:37:03]} Rb6
{[%clk 0:49:26]} 17. Qc2 {[%clk 0:34:17]} Qd7 {[%clk 0:45:38]} 18. Nb3
{[%clk 0:30:08]} Rc6 {[%clk 0:39:34]} 19. Qb1 {[%clk 0:29:51]} Rb8
{[%clk 0:37:36]} 20. e5 {[%clk 0:11:21]} Bxe5 {[%clk 0:25:52]} 21. Bxc6
{[%clk 0:11:27]} Qxc6 {[%clk 0:26:15]} 22. Rc1 {[%clk 0:11:04]} Qb6
{[%clk 0:26:40]} 23. Na5 {[%clk 0:07:34]} Bb5 {[%clk 0:22:19]} 24. Qb3
{[%clk 0:06:24]} Bd7 {[%clk 0:13:20]} 25. Bg5 {[%clk 0:04:36]} Be6
{[%clk 0:08:37]} 26. Nc4 {[%clk 0:02:54]} Qb7 {[%clk 0:04:55]} 27. f4
{[%clk 0:03:10]} f6 {[%clk 0:01:24]} 28. fxe5 {[%clk 0:03:05]} fxg5
{[%clk 0:01:42]} 29. exd6 {[%clk 0:03:00]} Nf5 {[%clk 0:00:45]} 30. Na5
{[%clk 0:01:46]} Qc8 {[%clk 0:00:37]} 31. Qa4 {[%clk 0:00:58]} Bd5
{[%clk 0:00:36]} 32. dxc7 {[%clk 0:00:45]} Ra8 {[%clk 0:00:51]} 33. Qc2
{[%clk 0:00:38]} Nh4 {[%clk 0:00:45]} 34. Rf1 {[%clk 0:00:40]} Qg4
{[%clk 0:00:33]} 35. Qd1 {[%clk 0:00:35]} Nf3+ {[%clk 0:00:48]} 36. Rxf3
{[%clk 0:01:00]} Bxf3 {[%clk 0:01:10]} 37. Qe1 {[%clk 0:00:56]} Bd5
{[%clk 0:00:54]} 38. Qd1 {[%clk 0:01:05]} Qe6 {[%clk 0:00:33]} 39. Qe1
{[%clk 0:00:59]} Qf7 {[%clk 0:00:37]} 40. Nc4 {[%clk 0:30:52]} Rc8
{[%clk 0:30:32]} 41. Nb6 {[%clk 0:12:08]} Rxc7 {[%clk 0:29:52]} 42. Nxd5
{[%clk 0:12:34]} Qxd5 {[%clk 0:30:13]} 43. Ra5 {[%clk 0:12:01]} Qd6
{[%clk 0:19:45]} 44. Qe8+ {[%clk 0:07:56]} Kg7 {[%clk 0:19:04]} 45. Qe5+
{[%clk 0:08:12]} Qxe5 {[%clk 0:19:24]} 46. Rxe5 {[%clk 0:08:40]} 1/2-1/2

[Event "World Chess Olympiad 2018"]
[Site "Batumi"]
[Date "2018.09.28"]
[Round "5"]
[Board "4"]
[WhiteFideId "4212312"]
[White "Pavlidis Antonios"]
[BlackFideId "15000605"]
[Black "Nedev Trajko"]
[Result "1/2-1/2"]
[LiveChessVersion "1.4.8"]
[BlackElo "2496"]
[WhiteElo "2552"]

1. e4 {[%clk 1:30:57]} c5 {[%clk 1:30:55]} 2. Nf3 {[%clk 1:31:14]} Nc6
{[%clk 1:31:20]} 3. Bb5 {[%clk 1:31:08]} g6 {[%clk 1:31:44]} 4. Bxc6
{[%clk 1:31:24]} bxc6 {[%clk 1:32:08]} 5. O-O {[%clk 1:31:40]} Bg7
{[%clk 1:32:31]} 6. Re1 {[%clk 1:31:53]} Nh6 {[%clk 1:32:55]} 7. c3
{[%clk 1:32:17]} O-O {[%clk 1:33:17]} 8. d4 {[%clk 1:32:39]} cxd4
{[%clk 1:33:33]} 9. cxd4 {[%clk 1:33:04]} d5 {[%clk 1:33:55]} 10. e5
{[%clk 1:33:27]} f6 {[%clk 1:34:19]} 11. e6 {[%clk 1:33:50]} Qd6 {[%clk 1:34:37]}
12. Qe2 {[%clk 1:34:08]} c5 {[%clk 1:34:41]} 13. dxc5 {[%clk 1:34:20]} Qxc5
{[%clk 1:35:05]} 14. Be3 {[%clk 1:34:12]} Qc4 {[%clk 1:35:30]} 15. Qxc4
{[%clk 1:33:50]} dxc4 {[%clk 1:35:46]} 16. Nc3 {[%clk 1:34:12]} Rd8
{[%clk 1:16:51]} 17. Nb5 {[%clk 1:04:09]} a6 {[%clk 0:51:45]} 18. Nc7
{[%clk 1:03:57]} Rb8 {[%clk 0:49:03]} 19. Rad1 {[%clk 1:04:19]} Bb7
{[%clk 0:47:17]} 20. Rd7 {[%clk 0:47:44]} Rxd7 {[%clk 0:33:51]} 21. exd7
{[%clk 0:48:07]} Rd8 {[%clk 0:34:02]} 22. Rd1 {[%clk 0:47:37]} Bc6
{[%clk 0:33:44]} 23. Nxa6 {[%clk 0:47:44]} Rxd7 {[%clk 0:33:58]} 24. Rxd7
{[%clk 0:48:08]} Bxd7 {[%clk 0:34:24]} 25. Nd2 {[%clk 0:46:59]} Nf5
{[%clk 0:20:45]} 26. Nc5 {[%clk 0:44:46]} Nxe3 {[%clk 0:15:36]} 27. fxe3
{[%clk 0:44:20]} c3 {[%clk 0:16:00]} 28. bxc3 {[%clk 0:44:02]} Bc6
{[%clk 0:16:30]} 29. Ne6 {[%clk 0:38:57]} Bh6 {[%clk 0:15:54]} 30. Kf2
{[%clk 0:39:23]} Bd5 {[%clk 0:15:56]} 31. Nc7 {[%clk 0:39:50]} Bc6
{[%clk 0:13:42]} 32. Ne6 {[%clk 0:21:39]} Bd5 {[%clk 0:13:37]} 33. Nc7
{[%clk 0:15:31]} Bc6 {[%clk 0:14:03]} 34. c4 {[%clk 0:15:37]} e5 {[%clk 0:13:52]}
35. Ne6 {[%clk 0:12:53]} Bd7 {[%clk 0:13:44]} 36. Nc5 {[%clk 0:12:54]} Bc6
{[%clk 0:14:11]} 37. Ne6 {[%clk 0:12:49]} Bd7 {[%clk 0:14:28]} 38. Nc5
{[%clk 0:10:26]} Bc6 {[%clk 0:14:58]} 39. a4 {[%clk 0:10:34]} Bf8
{[%clk 0:13:38]} 40. Ndb3 {[%clk 0:40:13]} Kf7 {[%clk 0:42:49]} 41. a5
{[%clk 0:36:37]} Bd6 {[%clk 0:38:41]} 42. a6 {[%clk 0:35:09]} Ke7
{[%clk 0:30:28]} 43. Na5 {[%clk 0:17:04]} Ba8 {[%clk 0:25:08]} 44. Ncb7
{[%clk 0:15:51]} Bc7 {[%clk 0:23:26]} 45. Nc6+ {[%clk 0:15:30]} Kd7
{[%clk 0:23:42]} 46. Nb4 {[%clk 0:15:57]} f5 {[%clk 0:16:41]} 47. c5
{[%clk 0:13:54]} Bb8 {[%clk 0:15:52]} 48. e4 {[%clk 0:09:16]} fxe4
{[%clk 0:15:16]} 49. Ke3 {[%clk 0:05:40]} Ba7 {[%clk 0:15:35]} 50. Nd5
{[%clk 0:05:06]} Kc6 {[%clk 0:12:59]} 51. Nf6 {[%clk 0:04:38]} Kb5
{[%clk 0:11:18]} 52. Nxe4 {[%clk 0:03:29]} Kxa6 {[%clk 0:11:42]} 53. Nbd6
{[%clk 0:03:55]} Ka5 {[%clk 0:10:36]} 54. Nc8 {[%clk 0:03:12]} Bb8
{[%clk 0:10:48]} 55. g3 {[%clk 0:02:11]} Kb4 {[%clk 0:10:54]} 56. Ncd6
{[%clk 0:02:11]} Ba7 {[%clk 0:09:00]} 57. Nf7 {[%clk 0:01:57]} Bxc5+
{[%clk 0:09:21]} 58. Nxc5 {[%clk 0:01:17]} Kxc5 {[%clk 0:09:49]} 59. Nxe5
{[%clk 0:01:07]} Kd6 {[%clk 0:09:57]} 60. Nf7+ {[%clk 0:01:27]} Ke7
{[%clk 0:10:20]} 61. Ng5 {[%clk 0:01:43]} h6 {[%clk 0:10:33]} 62. Nh3
{[%clk 0:02:09]} Kf6 {[%clk 0:10:31]} 63. Nf2 {[%clk 0:02:34]} Kf5
{[%clk 0:10:07]} 64. Kd3 {[%clk 0:02:30]} Bg2 {[%clk 0:09:13]} 65. Kd4
{[%clk 0:02:43]} Bf3 {[%clk 0:08:02]} 1/2-1/2

[Event "World Chess Olympiad 2018"]
[Site "Batumi"]
[Date "2018.09.28"]
[Round "5"]
[Board "1"]
[WhiteFideId "7105029"]
[White "Priasmoro Novendra"]
[BlackFideId "1506102"]
[Black "Urkedal Frode Olav Olsen"]
[Result "0-1"]
[LiveChessVersion "1.4.8"]
[BlackElo "2535"]
[WhiteElo "2498"]

1. Nf3 {[%clk 1:30:54]} Nf6 {[%clk 1:30:53]} 2. g3 {[%clk 1:31:00]} e6
{[%clk 1:30:33]} 3. Bg2 {[%clk 1:31:10]} d5 {[%clk 1:30:57]} 4. O-O
{[%clk 1:30:52]} Be7 {[%clk 1:31:22]} 5. d3 {[%clk 1:27:55]} c5 {[%clk 1:25:00]}
6. Nbd2 {[%clk 1:27:58]} b6 {[%clk 1:20:04]} 7. e4 {[%clk 1:27:15]} Bb7
{[%clk 1:18:10]} 8. e5 {[%clk 1:19:32]} Nfd7 {[%clk 1:18:35]} 9. c4
{[%clk 1:18:19]} d4 {[%clk 1:13:33]} 10. Re1 {[%clk 1:16:01]} Nc6
{[%clk 1:13:48]} 11. Nf1 {[%clk 1:08:56]} Qc7 {[%clk 1:05:37]} 12. Qe2
{[%clk 1:06:11]} h6 {[%clk 1:05:31]} 13. h4 {[%clk 1:06:29]} O-O-O
{[%clk 1:04:23]} 14. N1h2 {[%clk 1:05:43]} Rdg8 {[%clk 1:00:39]} 15. a3
{[%clk 1:04:56]} g5 {[%clk 0:59:28]} 16. hxg5 {[%clk 0:58:32]} hxg5
{[%clk 0:59:51]} 17. Ng4 {[%clk 0:58:51]} Rh5 {[%clk 0:49:07]} 18. Bd2
{[%clk 0:56:18]} Rgh8 {[%clk 0:38:06]} 19. b4 {[%clk 0:54:21]} Ncxe5
{[%clk 0:15:24]} 20. Ngxe5 {[%clk 0:54:22]} Nxe5 {[%clk 0:15:03]} 21. Qxe5
{[%clk 0:53:52]} Bd6 {[%clk 0:11:37]} 22. Qg7 {[%clk 0:42:58]} Bxg3
{[%clk 0:11:18]} 23. Kf1 {[%clk 0:36:37]} Bf4 {[%clk 0:06:39]} 24. Qf6
{[%clk 0:19:28]} g4 {[%clk 0:03:11]} 25. Bxf4 {[%clk 0:13:31]} gxf3
{[%clk 0:04:08]} 26. Bh3 {[%clk 0:09:52]} Rxh3 {[%clk 0:03:43]} 27. Bxc7
{[%clk 0:02:29]} Rh1# 0-1

[Event "World Chess Olympiad 2018"]
[Site "Batumi"]
[Date "2018.09.28"]
[Round "5"]
[Board "2"]
[WhiteFideId "1512668"]
[White "Christiansen Johan-Sebastian"]
[BlackFideId "7101554"]
[Black "Cuhendi Sean Winshand"]
[Result "1/2-1/2"]
[LiveChessVersion "1.4.8"]
[BlackElo "2441"]
[WhiteElo "2525"]

1. d4 {[%clk 1:30:56]} Nf6 {[%clk 1:30:05]} 2. c4 {[%clk 1:31:17]} d6
{[%clk 1:29:04]} 3. Nc3 {[%clk 1:30:58]} g6 {[%clk 1:28:07]} 4. Nf3
{[%clk 1:31:02]} Bg7 {[%clk 1:28:29]} 5. g3 {[%clk 1:31:26]} Bg4 {[%clk 1:27:12]}
6. Bg2 {[%clk 1:31:38]} O-O {[%clk 1:22:44]} 7. O-O {[%clk 1:29:13]} Qc8
{[%clk 1:19:53]} 8. Re1 {[%clk 1:23:35]} Re8 {[%clk 1:16:47]} 9. Qb3
{[%clk 1:19:33]} Nc6 {[%clk 1:08:59]} 10. Be3 {[%clk 1:10:19]} Nd7
{[%clk 0:58:14]} 11. Rad1 {[%clk 1:06:22]} Nb6 {[%clk 0:52:39]} 12. c5
{[%clk 1:03:38]} dxc5 {[%clk 0:50:01]} 13. dxc5 {[%clk 1:03:07]} Be6
{[%clk 0:48:24]} 14. Qc2 {[%clk 1:02:27]} Nc4 {[%clk 0:44:11]} 15. Bc1
{[%clk 0:50:39]} Bf5 {[%clk 0:31:24]} 16. Qb3 {[%clk 0:46:24]} N4e5
{[%clk 0:22:24]} 17. Nxe5 {[%clk 0:41:48]} Bxe5 {[%clk 0:22:48]} 18. Bh6
{[%clk 0:42:13]} Bg7 {[%clk 0:17:28]} 19. Bxg7 {[%clk 0:41:43]} Kxg7
{[%clk 0:17:55]} 20. Qa4 {[%clk 0:41:40]} Bd7 {[%clk 0:17:10]} 21. Qh4
{[%clk 0:38:03]} f6 {[%clk 0:15:59]} 22. Rd2 {[%clk 0:35:25]} Ne5
{[%clk 0:14:29]} 23. Qb4 {[%clk 0:24:26]} Bc6 {[%clk 0:12:34]} 24. Bxc6
{[%clk 0:21:44]} Nxc6 {[%clk 0:12:19]} 25. Qe4 {[%clk 0:20:46]} Qh3
{[%clk 0:12:04]} 26. Red1 {[%clk 0:17:11]} Ne5 {[%clk 0:11:46]} 27. Nd5
{[%clk 0:12:26]} Ng4 {[%clk 0:10:02]} 28. Qg2 {[%clk 0:12:54]} Qxg2+
{[%clk 0:10:03]} 29. Kxg2 {[%clk 0:13:22]} Rac8 {[%clk 0:10:19]} 30. c6
{[%clk 0:11:34]} bxc6 {[%clk 0:10:34]} 31. Nb4 {[%clk 0:11:52]} Ne5
{[%clk 0:10:58]} 32. Na6 {[%clk 0:11:58]} Kf7 {[%clk 0:10:49]} 33. b3
{[%clk 0:08:42]} g5 {[%clk 0:11:08]} 34. Rd4 {[%clk 0:07:35]} h5 {[%clk 0:10:35]}
35. h3 {[%clk 0:07:15]} h4 {[%clk 0:09:34]} 36. f4 {[%clk 0:04:17]} gxf4
{[%clk 0:07:58]} 37. gxf4 {[%clk 0:04:45]} Ng6 {[%clk 0:06:27]} 38. e3
{[%clk 0:03:51]} Rg8 {[%clk 0:05:52]} 39. Kf2 {[%clk 0:02:38]} Nf8
{[%clk 0:04:31]} 40. f5 {[%clk 0:30:36]} Rg5 {[%clk 0:34:44]} 41. Rxh4
{[%clk 0:18:38]} Rxf5+ {[%clk 0:34:06]} 42. Rf4 {[%clk 0:16:11]} Ra5
{[%clk 0:33:11]} 43. Ra4 {[%clk 0:16:16]} Rxa4 {[%clk 0:32:02]} 44. bxa4
{[%clk 0:16:45]} Ne6 {[%clk 0:32:27]} 45. Rd7 {[%clk 0:15:08]} c5
{[%clk 0:30:22]} 46. Ke2 {[%clk 0:14:25]} c4 {[%clk 0:24:38]} 47. a3
{[%clk 0:11:12]} Ke8 {[%clk 0:20:23]} 48. Rd1 {[%clk 0:11:41]} c5
{[%clk 0:20:39]} 49. a5 {[%clk 0:11:23]} Rd8 {[%clk 0:17:44]} 50. Rxd8+
{[%clk 0:11:17]} Kxd8 {[%clk 0:18:12]} 51. h4 {[%clk 0:11:43]} Kd7
{[%clk 0:18:36]} 52. h5 {[%clk 0:11:42]} Kc6 {[%clk 0:16:32]} 53. h6
{[%clk 0:12:08]} Ng5 {[%clk 0:15:06]} 54. Kd2 {[%clk 0:10:59]} f5
{[%clk 0:13:46]} 55. Kc3 {[%clk 0:10:55]} Kd5 {[%clk 0:13:14]} 56. Nc7+
{[%clk 0:11:15]} Ke4 {[%clk 0:13:37]} 57. Kxc4 {[%clk 0:09:13]} Kxe3
{[%clk 0:12:57]} 58. Nd5+ {[%clk 0:09:23]} Ke4 {[%clk 0:13:04]} 59. Nxe7
{[%clk 0:08:13]} f4 {[%clk 0:13:25]} 60. Nd5 {[%clk 0:08:21]} f3 {[%clk 0:13:51]}
61. Nf6+ {[%clk 0:06:11]} Kf5 {[%clk 0:13:41]} 62. Nd5 {[%clk 0:06:12]} Ke4
{[%clk 0:14:04]} 63. Nf6+ {[%clk 0:06:38]} Kf5 {[%clk 0:14:23]} 64. Nd5
{[%clk 0:06:55]} 1/2-1/2